A book of readings on the history of the Punjab, 1799-1447 (Record no. 348684)

000 -LEADER
fixed length control field 00402cam a22001217a 4500
008 - FIXED-LENGTH DATA ELEMENTS--GENERAL INFORMATION
fixed length control field 180718b1970 xxu||||| |||| 00| 0 eng d
082 ## - DEWEY DECIMAL CLASSIFICATION NUMBER
Classification number A6x5433 M295
100 ## - MAIN ENTRY--PERSONAL NAME
Personal name Malik, Ikram Ali
245 ## - TITLE STATEMENT
Title A book of readings on the history of the Punjab, 1799-1447
Statement of responsibility, etc. by Ikram Ali Malik
260 ## - PUBLICATION, DISTRIBUTION, ETC.
Place of publication, distribution, etc. Lahore
Name of publisher, distributor, etc. Research Society of Pakistan, University of Punjab
Date of publication, distribution, etc. 1970
300 ## - PHYSICAL DESCRIPTION
Extent 640p.
650 ## - SUBJECT ADDED ENTRY--TOPICAL TERM
Topical term or geographic name entry element Punjab - History
Holdings
Withdrawn status Lost status Damaged status Not for loan Permanent Location Current Location Date acquired Full call number Barcode Date last seen Price effective from Koha item type
        Indian Institute of Public Administration Indian Institute of Public Administration 1993-10-26 A6x5433 M295 56127 2018-07-21 2018-07-21 Book

Powered by Koha